| 000 | 00607cas a22002055a 4500 | ||
|---|---|---|---|
| 001 | 99126 | ||
| 008 | 070613c1982 xxkqr p 0 a0eng | ||
| 022 | 0 | _a0263-080X | |
| 035 | _a(Sirsi) u99126 | ||
| 041 | 0 | _aeng | |
| 245 | 0 | 0 | _aStructural Survey |
| 260 |
_aLondon _bEmerald Publications _c1983- |
||
| 362 | _a1(1) 1983- | ||
| 500 | _aSelected items available free online | ||
| 651 | 4 | _aInternational | |
| 690 | _aBUILT ENVIRONMENT-BUILDING PATHOLOGY | ||
| 856 |
_uhttps://www.emerald.com/insight/publication/issn/0263-080X _zSelected items free online |
||
| 942 |
_n0 _2ddc |
||
| 948 | _c18/02/1994 | ||
| 999 |
_c118671 _d118671 |
||